História geomagnetických meraní na území Slovenska

Bibliographic Details
Main Author: Váczyová, Magdaléna (Author)
Format: Article
Language:Slovak
ISBN:8085221209

MARC

LEADER 00000naa a2200000uu 4500
001 vtls010952232
003 SK-MaSNL
005 20260302123644.0
008 210906|1998 xo |||||||||||||||||slo|
015 |a SNBRA 
035 |a (urnnbn)urn:nbn:sk:snk:ar-a0bknj 
035 |a (uuid)0360b771-2512-4a65-9ffa-accd4715ce4e 
035 |a urn:nbn:sk:snk-aaucoc 
040 |a SNKBUCL  |b slo  |c SNKBUCL  |e AACR2 
041 0 |a slo 
044 |a xo  |c SK 
100 1 |a Váczyová, Magdaléna  |4 aut  |9 461752 
245 1 0 |a História geomagnetických meraní na území Slovenska  |c Magdaléna Váczyová 
773 0 |t 13. Celoštátny slnečný seminár, Upohlav 1996  |d Hurbanovo : Slovenská ústredná hvezdáreň, 1998  |g S. 156-157  |z 8085221209 
958 |a OND 
958 |a article11 
958 |a chapter 
999 |c 1284061  |d 1285991